OSI : A Model For Computer Communications Standards /

Contenido: Protocolos estratificados y arquitectura de redes; Ejemplos locales OSI (Open Systems Interconnection Model); La capa física; La capa de transmisión de datos; Capa de red; Capa de red, trabajo en Internet; La capa de transporte; La capa de sesión; La capa de presentación; Arquitectura de...

Descrizione completa

Salvato in:
Dettagli Bibliografici
Autore principale: Black, Uyless D. (autor)
Natura: Libro
Lingua:inglese
Pubblicazione: Englewood Cliffs, EUA : Prentice-Hall, 1991, c1991
Soggetti:
Tags: Aggiungi Tag
Nessun Tag, puoi essere il primo ad aggiungerne!!

MARC

LEADER 00000nam^a2200000^a^4500
001 000181271
005 20250521000000.0
009 20260310101926.019
020 |a 0-13-637133-7 
037 |a Acervo ITESO - Biblioteca 
041 |a ING 
082 |a 621. 38217  |b BLA 
100 |a Black, Uyless D.  |e (autor) 
245 1 0 |a OSI :  |b A Model For Computer Communications Standards /  |c U.D. Black. 
264 4 |a Englewood Cliffs, EUA :  |b Prentice-Hall,  |c 1991, c1991 
300 |a XVI, 528 p. 
336 |a texto  |b txt  |2 rdacontenido 
337 |a sin mediación  |b n  |2 rdamedio 
338 |a volumen  |b nc  |2 rdasoporte 
520 |a Contenido: Protocolos estratificados y arquitectura de redes; Ejemplos locales OSI (Open Systems Interconnection Model); La capa física; La capa de transmisión de datos; Capa de red; Capa de red, trabajo en Internet; La capa de transporte; La capa de sesión; La capa de presentación; Arquitectura de la capa de aplicación; La capa de aplicación: elementos de la aplicación de servicio (ASEs); Administración de sistemas de información en el ambiente del OSI; Apéndices. 
649 |a XX 
650 |a Redes de Computadoras 
650 |a Redes de Computadoras -  |x Diseño y Construcción 
650 |a Protocolos de Comunicación 
650 |a Sistemas de Información -  |x Administración 
650 |a Sistemas de Telecomunicación 
650 |a Comunicación en Red -  |x Administración 
650 |a Ingeniería Computacional 
910 |a Fondo General 
920 |a Impresos - Libros 
930 |a Colección General 
905 |a 101 
901 |a 0500120779  |b IT1  |c ACC  |u 20250521 
902 |a https://opac.biblio.iteso.mx/vufind/Record/000181271